| 000 | 00431cam a2200169ua 4500 | ||
|---|---|---|---|
| 020 | _c2.00 | ||
| 041 |
_amal _h |
||
| 082 |
_a928.94812 _bBAL/TH |
||
| 100 | _aBalan, C.A . | ||
| 245 |
_aThookkumarathinte nizhalil / _cC.A Balan. _hTextual Documents |
||
| 260 |
_aKottayam : _bSahitya Pravarthaka Co-operative Society , _c1967. |
||
| 300 | _a134 ; . | ||
| 365 | _a2.00 | ||
| 504 | _a | ||
| 942 | _cBK | ||
| 999 |
_c6624 _d6624 |
||